Cricket stadiums around England - Statistics

General Stats
  • This quiz has been taken 77 times
  • The average score is 6 of 18
Answer Stats
Team Stadium % Correct
Middlesex/England Lord's
95%
Surrey The Oval
92%
Lancashire Old Trafford
83%
Nottingham Outlaws Trent Bridge
79%
Yorkshire Headingley
67%
Hampshire Rose Bowl
52%
Birmingham Bears Edgebaston
51%
Sussex County Cricket Ground
35%
Durham Riverside Ground
22%
Worcestershire New Road
17%
Leicestershire Grace Road
14%
Somerset County Ground
13%
Kent St. Lawrence
8%
Northamptonshire Northampton Cricket Ground
5%
Derbyshire Derbyshire County Ground
3%
Gloucestershire Nevil Road
3%
Essex Essex County Ground
2%
Glamorgan Glamorgan Cricket Gound
0%
No matching quizzes found
Score Distribution
Percent of People with Each Score
Percentile by Number Answered
Your Score History
You have not taken this quiz